| 000 | 00481 a2200157 4500 | ||
|---|---|---|---|
| 005 | 20250628082758.0 | ||
| 020 | _a0-07-296108-2 | ||
| 082 | _a658.84 HOD | ||
| 100 | _aHODGETTS, R . M . | ||
| 245 | _aInternational Management: Culture, Strategy, and Behavior | ||
| 250 | _a6th Ed. | ||
| 260 |
_aBoston, _bMcGraw Hill, _c2006. |
||
| 300 |
_axxviii, 609p.: ill.; figure, table, _bglossary, index & references, _c28cm. |
||
| 700 | _aLUTHENS, F . & DOH, J . P . | ||
| 942 |
_2ddc _cBKS |
||
| 999 |
_c5894 _d5894 |
||